Numerot 1-100 15 sekunnissa - Statistics

Yleistilastot
  • Tätä visaa on pelattu 1 584 kertaa
  • Keskiarvotulos 20 / 100
Vastaustilastot
Number % Oikein
1
100%
2
99%
3
98%
4
97%
5
96%
6
94%
7
93%
8
92%
9
92%
10
83%
11
78%
12
74%
13
70%
14
68%
15
65%
16
63%
17
61%
18
59%
19
56%
20
45%
21
39%
22
36%
23
33%
24
31%
25
29%
26
28%
27
26%
28
24%
29
22%
30
17%
31
15%
32
13%
33
11%
34
10%
35
9%
36
8%
37
7%
38
6%
39
5%
40
4%
41
4%
42
3%
43
3%
44
2%
45
2%
46
1%
47
1%
48
1%
49
1%
50
1%
100
0%
51
0%
52
0%
53
0%
54
0%
55
0%
56
0%
57
0%
58
0%
59
0%
60
0%
61
0%
62
0%
63
0%
64
0%
65
0%
66
0%
67
0%
68
0%
69
0%
70
0%
71
0%
72
0%
73
0%
74
0%
75
0%
76
0%
77
0%
78
0%
79
0%
80
0%
81
0%
82
0%
83
0%
84
0%
85
0%
86
0%
87
0%
88
0%
89
0%
90
0%
91
0%
92
0%
93
0%
94
0%
95
0%
96
0%
97
0%
98
0%
99
0%
Ehtoja vastaavia visoja ei löytynyt
Tulosjakauma
Jokaisen tuloksen saaneiden osuus
Persentiili vastausten määrän mukaan
Tuloshistoriasi
Et ole pelannut tätä visaa